000 00521nam a22001217a 4500
999 _c10058
_d10058
003 OSt
008 201218b ||||| |||| 00| 0 eng d
245 _aIETE Journal of Education
250 _a2008(Jan-Apr Vol.49 No.1, May-Aug Vol.49 No.2) 2009(Jan-Apr Vol.50 No.1, May-Aug Vol.50 No.2, Sep-Dec Vol.50 No.3) 2012(Jan-Jun Vol.53 No.1) 2013(Jan-Jun Vol.54 No.1)
260 _aNew Delhi
_bThe Institution of Electronics and Telecommunication Engineers
650 _aElectronics and Communication Engineering
942 _2ddc
_cBV